Hysteresis ratio method to assess the contribution of tyre components to rolling resistance (Record no. 47149)
[ view plain ]
| 000 -LEADER | |
|---|---|
| fixed length control field | 01387nam a2200241Ia 4500 |
| 100 ## - MAIN ENTRY--AUTHOR NAME | |
| Personal name | Pillai Padmanabha S |
| 245 #0 - TITLE STATEMENT | |
| Title | Hysteresis ratio method to assess the contribution of tyre components to rolling resistance |
| 260 ## - PUBLICATION, DISTRIBUTION, ETC. (IMPRINT) | |
| Name of publisher | Indian Journal of Natural Rubber Research |
| Year of publication | 2000 |
| 300 ## - PHYSICAL DESCRIPTION | |
| Number of Pages | 18-Nov |
| 520 ## - SUMMARY, ETC. | |
| Summary, etc | The hysteresis ratio values of the belt, tread and the carcass sections, cut from three P195/75R14 size tyres of different construction were determined. The fractional contribution of each component to the tyre structural hysteresis ratio at zero inflation pressure was estimated using the respective component volume fraction. The sum of the fractional hysteresis contributions of each tyre component agreed with its structural hystersis ratio determined independently. The contribution of the belt package was approximately 10 per cenet irrespective of tyre construction. The contribution of tread ranged between 25 and 50 per cent and that of carcass, about 30 to 55 per cent depending on the tyre construction. |
| 650 ## - SUBJECT ADDED ENTRY--TOPICAL TERM | |
| Topical Term | Belt package |
| 650 ## - SUBJECT ADDED ENTRY--TOPICAL TERM | |
| Topical Term | Belt package |
| 650 ## - SUBJECT ADDED ENTRY--TOPICAL TERM | |
| Topical Term | Carcass |
| 650 ## - SUBJECT ADDED ENTRY--TOPICAL TERM | |
| Topical Term | Carcass |
| 650 ## - SUBJECT ADDED ENTRY--TOPICAL TERM | |
| Topical Term | Hysteresis ratio |
| 650 ## - SUBJECT ADDED ENTRY--TOPICAL TERM | |
| Topical Term | Hysteresis ratio |
| 650 ## - SUBJECT ADDED ENTRY--TOPICAL TERM | |
| Topical Term | Tread |
| 650 ## - SUBJECT ADDED ENTRY--TOPICAL TERM | |
| Topical Term | Tread |
| 650 ## - SUBJECT ADDED ENTRY--TOPICAL TERM | |
| Topical Term | Tyre rolling resistance |
| 650 ## - SUBJECT ADDED ENTRY--TOPICAL TERM | |
| Topical Term | Tyre rolling resistance |
| 942 ## - ADDED ENTRY ELEMENTS (KOHA) | |
| Koha item type | Articles |
| Withdrawn status | Lost status | Damaged status | Not for loan | Home library | Current library | Shelving location | Date acquired | Serial Enumeration / chronology | Koha item type |
|---|---|---|---|---|---|---|---|---|---|
| Articles | RRII Library | RRII Library | Rubber technology | 20/12/2021 | Volume 13, Issue 02-Jan | Articles |